LEADER 01248nam--2200385---450- 001 990001251890203316 005 20101006125413.0 010 $a978-88-8334-417-6 035 $a000125189 035 $aUSA01000125189 035 $a(ALEPH)000125189USA01 035 $a000125189 100 $a20031110d2010----km-y0itay50------ba 101 0 $aita 102 $aIT 105 $ay|||||||001yy 200 1 $aCorpi invasi e viaggi dell'anima$esantità, possessione, esorcismo dalla teologia barocca alla medicina illuminista$fElena Brambilla 210 $aRoma$cViella$d2010 215 $a302 p.$d21 cm 225 2 $a<> libri di Viella$v108 410 0$12001$a<> libri di Viella 606 0 $aOssessione$xConcezione$zSec. 17.-18.$2BNCF 676 $a133.426082 700 1$aBRAMBILLA,$bElena$f<1942- >$0144879 801 0$aIT$bsalbc$gISBD 912 $a990001251890203316 951 $aII.2. 5620$b227594 L.M.$cII.2.$d00282878 959 $aBK 969 $aUMA 979 $aSIAV1$b10$c20031110$lUSA01$h1206 979 $aPATRY$b90$c20040406$lUSA01$h1729 979 $aANNAMARIA$b90$c20101006$lUSA01$h1016 979 $aANNAMARIA$b90$c20101006$lUSA01$h1254 996 $aCorpi invasi e viaggi dell'anima$9227787 997 $aUNISA LEADER 01530cam--2200385---450- 001 990005871040203316 005 20130712123953.0 035 $a000587104 035 $aUSA01000587104 035 $a(ALEPH)000587104USA01 035 $a000587104 100 $a20130711d1907----km-y0itay50------ba 101 0 $aeng 102 $aGB 105 $aa---||||001yy 200 1 $a<> poetry of architecture, or The architecture of the nations of Europe considered in its association with natural scenery and national character$fby John Ruskin 210 $aLondon$cG. Routledge & sons$d1907 215 $aXII, 276 p., [26] carte di tav.$cill.$d15 cm 225 2 $a<> new universal library 410 0$12001$a<> new universal library 517 1 $a<> architecture of the nations of Europe considered in its association with natural scenery and national character 606 0 $aCase$xArchitettura$yEuropa$2BNCF 676 $a728.094 700 1$aRUSKIN,$bJohn$011255 801 0$aIT$bsalbc$gISBD 912 $a990005871040203316 951 $aXV.2.A. 1647$b3364 F.C.$cXV.2.A.$d00342054 959 $aBK 969 $aCUOMO 979 $aPALERMO$b90$c20130711$lUSA01$h1412 979 $aPALERMO$b90$c20130711$lUSA01$h1413 979 $aPALERMO$b90$c20130711$lUSA01$h1532 979 $aANNAMARIA$b90$c20130712$lUSA01$h1239 996 $aPoetry of architecture, or The architecture of the nations of Europe considered in its association with natural scenery and national character$91085918 997 $aUNISA LEADER 02873nam 2200625 a 450 001 9910954613703321 005 20251117095059.0 010 $a1-58901-803-6 035 $a(CKB)2550000000088202 035 $a(EBL)877175 035 $a(OCoLC)778431723 035 $a(SSID)ssj0000570489 035 $a(PQKBManifestationID)11364040 035 $a(PQKBTitleCode)TC0000570489 035 $a(PQKBWorkID)10593007 035 $a(PQKB)10439227 035 $a(MdBmJHUP)muse894 035 $a(Au-PeEL)EBL877175 035 $a(CaPaEBR)ebr10521492 035 $a(Perlego)949461 035 $a(MiAaPQ)EBC877175 035 $a(EXLCZ)992550000000088202 100 $a20110223d2011 uy 0 101 0 $aeng 135 $aur|n|---||||| 181 $ctxt$2rdacontent 182 $cc$2rdamedia 183 $acr$2rdacarrier 200 00$aCommunicating the word $erevelation, translation, and interpretation in Christianity and Islam : a record of the seventh Building Bridges seminar convened by the Archbishop of Canterbury Rome, May 2008 /$fDavid Marshall, editor 205 $a1st ed. 210 1$aWashington, D.C. :$cGeorgetown University Press,$d2011. 215 $a1 online resource (205 pages) 300 $aDescription based upon print version of record. 311 08$a1-58901-784-6 320 $aIncludes bibliographical references and index. 327 $apt 1. Particularity, universality, and finality in revelation -- pt. 2. Translating the word? -- pt. 3. Methods and authority in interpretation. 330 $aCommunicating the Word is a record of the 2008 Building Bridges seminar, an annual dialogue between leading Christian and Muslim scholars convened by the Archbishop of Canterbury. Featuring the insights of internationally known Christian and Muslim scholars, the essays collected here focus attention on key scriptural texts but also engage with both classical and contemporary Islamic and Christian thought. Issues addressed include, among others, the different ways in which Christians and Muslims think of their scriptures as the ""Word of God,"" the possibilities and challenges of translating sc 606 $aIslam$xRelations$xChristianity$vCongresses 606 $aChristianity and other religions$xIslam$vCongresses 606 $aRevelation$xIslam$vCongresses 606 $aRevelation$xChristianity$vCongresses 615 0$aIslam$xRelations$xChristianity 615 0$aChristianity and other religions$xIslam 615 0$aRevelation$xIslam 615 0$aRevelation$xChristianity 676 $a261.2/7 701 $aMarshall$b David$f1963-$01800501 712 12$aBuilding Bridges Seminar$d(7th :$f2008 :$eRome, Italy) 801 0$bMiAaPQ 801 1$bMiAaPQ 801 2$bMiAaPQ 906 $aBOOK 912 $a9910954613703321 996 $aCommunicating the word$94358298 997 $aUNINA